000 00374pab a2200157 454500
008 180718b2009 xxu||||| |||| 00| 0 eng d
100 _aLevy, Moshe
245 _aGibrat's law for (all) cities: comment
260 _c2009
300 _ap.1672-675.
362 _aSep
650 _aUrban development
773 _aAmerican Economic Review
908 _aN
909 _a84649
999 _c84649
_d84649